Art antique de Chypre au Musee du Louvre : du Chalcolithique a l' epoque Romaine
Αποθηκεύτηκε σε:
| Κύριος συγγραφέας: | |
|---|---|
| Άλλοι συγγραφείς: | , |
| Μορφή: | Βιβλίο |
| Γλώσσα: | French |
| Δημοσίευση: |
Paris :
Fondation A.G. Leventis, Reunion des Musees Nationaux,
1992
|
| Θέματα: | |
| Ετικέτες: |
Προσθήκη ετικέτας
Δεν υπάρχουν, Καταχωρήστε ετικέτα πρώτοι!
|
MARC
| LEADER | 00000cam a2200000 i 4500 | ||
|---|---|---|---|
| 001 | 1/47578 | ||
| 008 | 070705s1992 fre d | ||
| 020 | |a 2-7118-2562-0 | ||
| 035 | |l 10088680 | ||
| 040 | |a GR-MY-UA |b gre |e aacr | ||
| 041 | 0 | |a fre | |
| 082 | 0 | |a 708.93937 |2 (22) | |
| 100 | 1 | |a Caubet, Annie. | |
| 245 | 1 | 0 | |a Art antique de Chypre au Musee du Louvre : |b du Chalcolithique a l' epoque Romaine / |c par A. Caubet, A. Hermary et V. Karageorghis |
| 260 | |a Paris : |b Fondation A.G. Leventis, |b Reunion des Musees Nationaux, |c 1992 | ||
| 300 | |a 163 σ.; |b έγχρ. εικ.; |c 26 εκ. | ||
| 500 | |a Περιλαμβάνει βιβλιογραφίες | ||
| 650 | 0 | 0 | |a Art. |
| 650 | 0 | 0 | |a Art, Ancient |x Cyprus. |
| 650 | 0 | 0 | |a Art |z France |z Paris |x Catalogs. |
| 650 | 0 | 0 | |a Art museums. |
| 651 | 0 | |a Cyprus |x Antiquities. | |
| 700 | 1 | |a Hermary, Antoine. | |
| 700 | 1 | |a Καραγεώργης, Βασίλης Π. | |
| 852 | |a INST |b RHODES |e 20070705 |h 708.93937 CAU |p 005400026410 |q 005400026410 |t BK |y 0 | ||
| 901 | |a BIBL4-2007-2 | ||
| 909 | |a Ρ |b 128019 | ||
| 970 | |a ΧΑΡΙΟΠΟΛΙΤΟΥ |b ΚΩΝΣΤΑΝΤΙΝΑ |z 2007/07/05 | ||